Quizzes
Events
Quiz Creation
Community
Videos
Private Events
Remove Ads
Sign In
Join for FREE
Feedback
Dark Mode
Quiz Categories
Sports
Geography
Music
Movies
Television
Just For Fun
Miscellaneous
History
Literature
Language
Science
Gaming
Entertainment
Religion
Holiday
For Kids
Quiz Lab
Recent
Popular Today
Quiz Kudos Today
Editor Picks
Curator Picks
Quizzes by...
Day
Popularity
Type
Ratings
Length
Year
Community
Subscriptions
Recent Discussions
Orange Saloon
Badges
Playlists
Quests
Create
Leaderboards
Showdown
Live 5
Trivia Bingo
Activity
Puzzle Library
Sporcle Events
Private Events
Virtual Trivia
Globe League
Become a Host
Pub Owners
SporcleCon
Opinionation
Our Games
Videos
Blog
Mobile Apps
Partnerships
Remove Ads and Go Orange
Feedback
Entertainment
Celebrity
Famous
Musical
Broadway
Show
Quote
Comic Books
Anime
Superhero
DC Comics
Marvel
Cartoons
Animation
Entertainment
Celebrity
Famous
Musical
Broadway
Show
Quote
Comic Books
Anime
Superhero
DC Comics
Marvel
Cartoons
Animation
Random Quiz
Search Sporcle
×
Editor Pick
Editor Pick
Entertainment
Cartoons
Type answers that correspond to images
Type answers that correspond to images
Picture Box
Best Score? Go Orange.
Saturday Morning Cartoons from 1966 Stats
Can you name the cartoon shows that were current in 1966?
By
caramba
5m
25 Questions
3,184 Plays
3,184 Plays
3,184 Plays
Comments
Comments
Give Quiz Kudos
Give Quiz Kudos
-
- Ratings
hide this ad
Replay
Link that replays current quiz
Next Quiz
Link to next quiz in quiz playlist
You Got
0%
They Got
Avg Score
49%
Avg Friend Score
Upgrade to see
Score Distribution
Jump to the score distribution portion of the page
Score
0/25
Timer
05:00
0
Plays Today
Cartoon
% Correct
Bugs Bunny
96.5%
Tom and Jerry
94.7%
The Flintstones
94.1%
Superman
93.9%
The Road Runner
91.9%
The Jetsons
91%
Underdog
84%
Porky Pig
82.4%
The Lone Ranger
79.1%
The Beatles
76.4%
The King Kong Show
61.2%
Space Ghost
54.5%
Atom Ant
52.9%
Cartoon
% Correct
Magilla Gorilla
52.7%
Laurel and Hardy
40.7%
Secret Squirrel
37.9%
Frankenstein Jr
11.1%
The Impossibles
9.5%
Mighty Heroes
5.6%
Hoppity Hooper
4.1%
Linus the Lionhearted
3.9%
Milton the Monster
3.9%
Cool McCool
3.8%
The Space Kidettes
3.5%
The Beagles
3.2%
Quiz Playlist
Details
Report
Send in Message
Add To Playlist
Picture Box:
Type answers that correspond to images
Last Updated: May 26, 2017
Editor Pick in
Entertainment
Quiz Scoreboard
CHALLENGE
Sign Up to Join the Scoreboard
Show All
Scores
Hide
Comments
May contain spoilers
Recently Published
NBA Finals Game Top Scorers (2010s)
by flibbidy
Sports
5m
Guess the 'R' Things in 3 Words
by MSUKent
Miscellaneous
3m
Actor to Badly Drawn Movie III
by MoMosMoProblems
Movies
5m
More to Explore
Quiz From the Vault
Featured Blog Post
Where Does Lost Luggage Go?
hide this ad
You Might Also Like...
Tags
Cartoons Quiz
1966
Image Quiz
Saturday
Saturday Morning
Today's Top Quizzes in Entertainment
Browse Entertainment
hide this ad
Today's Top Quizzes in Cartoons
Browse Cartoons
Top Contributed Quizzes in Entertainment
1
The Joker Actors by Order
2
Spider-Man Actors by Order
3
The Incredible Hulk Actors by Order
4
Superman Actors by Order
5
Catwoman Actresses by Order
6
The Penguin Actors by Order
7
The Riddler Actors by Order
8
Nickname Match: Pop Culture Kings
9
Two-Face Actors by Order
10
Marvel Picture Find: Capcom
Explore More
Trending Topics
Kpop
Anime
Crossword
Disney
NBA
Marvel
Harry Potter
Country
WWE
Pokémon
Puzzle
Soccer
The Office
Song
NFL
hide this ad
More By:
caramba
Quiz
Plays
Rating
Category
Featured
Created
NFL Last Super Bowl Winners
655,765
4.15
Sports
Jun 6, 2010
Europe, Alphabetically
337,791
4.38
Geography
Jun 13, 2010
Blitz: Letter Count States
210,262
4.11
Just For Fun
May 24, 2010
MLB RBI Leaders by Team (2000s)
207,574
4.44
Sports
Nov 2, 2009
European Union Minefield
197,467
4.23
Geography
Nov 7, 2011
Go to Creator's Profile
Score Distribution
Quiz Creator Spotlight
caramba
Follow
Send a Message
Quizzes Created
-
Created Quiz Play Count
-
More By This Creator
Popular Quizzes Today
1
Find the US States - No Outlines Minefield
2
Find the US States
3
The Countries of the World
4
10 Largest US States in Order
5
Find the Countries of Europe - No Outlines Minefield
6
US States
7
Guess the 'R' Things in 3 Words
8
NBA Finals Game Top Scorers (2010s)
More Entertainment Quizzes
Complete The Name... With A Bird!
Editor's Pick
Trending Quizzes
First Name TV: Leading Men
First Name TV: Leading Women Drama
Match the Book to the Film II
3-Word Movies in 1 Word II
Match the Book to the Film VI
Recently Updated
Women's Final Four Teams by Year
bhenderson79
Presidents Quartet II
eogle
Anything But Clue(do)
eogle
Anything But Oceanian Capitals
eogle
Anything But 7
eogle
Anything But Thing
eogle
Word Ladder: February 29
pecheneg
Song Title Questions
pecheneg
Women's NCAA Tournament #1 Seeds
pecheneg
Celebrity Mug Shots
pecheneg
Trending Topics
Anime
Kpop
Harry Potter
Marvel
Crossword
Disney
NBA
Country
The Office
NFL
Puzzle
Pokémon
Song
WWE
Soccer
Your Account Isn't Verified!
In order to create a playlist on Sporcle, you need to verify the email address you used during registration. Go to your
Sporcle Settings
to finish the process.
Report this User
Report this user for behavior that violates our
Community Guidelines
.
Details:
Send Report
Go to the Sporcle.com Mobile Site →
Comments